The ancient history of the Egyptians, Carthaginians, Assyrians, Babylonians, Medes and Persians, Macedonians, and Grecians /

محفوظ في:

المؤلف الرئيسي: Rollin, Charles, 1661-1741 (مؤلف)

التنسيق: كتاب

اللغة: English

الموضوعات:

الوسوم: إضافة وسم

لا توجد وسوم, كن أول من يضع وسما على هذه التسجيلة!

رقم الطلب: ( R )D80 .R65 1839

LEADER 01147namaa2200229 4500
001 17219
003 OSt
005 20210809115314.0
008 130303s1839 nyuab g 000 0 eng d
952 |0 0  |1 0  |2 lcc  |4 0  |7 1  |9 17603  |a ARCE  |b ARCE  |d 2021-08-09  |l 0  |o ( R )D80 .R65 1839  |p 1036262  |r 2021-08-09 00:00:00  |w 2021-08-09  |y BK 
999 |c 14469  |d 14469 
040 |c ARCE Library 
050 0 4 |a ( R )D80 .R65 1839 
100 1 |a Rollin, Charles,  |d 1661-1741,  |e author  |9 38624 
240 1 0 |a Histoire ancienne des Egyptiens, des Carthaginois, des Assyriens, des Babyloniens, des Medes et des Perses, des Macedoniens, des Grecs.   |l  English 
245 1 4 |a The ancient history of the Egyptians, Carthaginians, Assyrians, Babylonians, Medes and Persians, Macedonians, and Grecians /  |c by M. [Charles] Rollin ; translated from the French. 
264 1 |a New York :  |b G. Long,  |c 1839. 
300 |a 2 volumes in 1 :   |b illustrations, maps ;   |c 20 cm. 
500 |a Translation of : Histoire ancienne des Egyptiens, des Carthaginois, des Assyriens, des Babyloniens, des Medes et des Perses, des Macedoniens, des Grecs. 
650 0 |a History, Ancient. 
901 |a reviewed 
942 |c BK  |2 lcc